000 00636nam a2200241 a 4500
001 nice12345678
003 IN_TiNIC
005 20260116013440.0
008 050524s1983 jaia grp 000 0 eng
020 _a
_c80
082 0 0 _a722.4
_bCOO
100 _aCoomaraswamy, Ananda Kentish
245 _aSymbolism of Indian Architecture
260 _aJaipur
_bHistorical Research Documentation Progra
_c1983
300 _a80p
500 _aincludes index and biblioraphy
505 2 _aNotes
650 _aArchitecture-Hindu-Theory
700 1 _aCoomaraswamy, Ananda Kentish
902 _bSRS
942 _cBK
999 _c11029
_d11029